Survey of India's export potential of machine tools. (Record no. 523189)

MARC details
000 -LEADER
fixed length control field 00745nam a2200241Ia 4500
003 - CONTROL NUMBER IDENTIFIER
control field OSt
005 - DATE AND TIME OF LATEST TRANSACTION
control field 20220925192728.0
008 - FIXED-LENGTH DATA ELEMENTS--GENERAL INFORMATION
fixed length control field 220923b |||||||| |||| 00| 0 eng d
037 ## - SOURCE OF ACQUISITION
Terms of availability General Book
040 ## - CATALOGING SOURCE
Original cataloging agency RTL
Transcribing agency RTL
Language of cataloging eng
041 ## - LANGUAGE CODE
Source of code eng
Language code of text/sound track or separate title eng
110 ## - MAIN ENTRY--CORPORATE NAME
Corporate name or jurisdiction name as entry element INDIA, FOREIGN TRADE AND SUPPLY (Ministry of-)
245 #0 - TITLE STATEMENT
Title Survey of India's export potential of machine tools.
260 ## - PUBLICATION, DISTRIBUTION, ETC.
Place of publication, distribution, etc. Calcutta
Name of publisher, distributor, etc. IIM
Date of publication, distribution, etc. 1969
300 ## - PHYSICAL DESCRIPTION
Extent xxv,127p.
Dimensions cm.
490 ## - SERIES STATEMENT
Volume/sequential designation Vol.2
700 ## - ADDED ENTRY--PERSONAL NAME
Personal name INDIA, FOREIGN TRADE AND SUPPLY (Ministry of-)
942 ## - ADDED ENTRY ELEMENTS (KOHA)
Classification part X9(D6,8):545.2.N69t4, K9.1-K9.3
Koha item type General Books
Source of classification or shelving scheme Colon Classification (CC)

No items available.

Copyright @ Delhi University Library System